Ανάγκη και Τύχη, συμπλήρωση και αντίθεση στην αρχαία ελληνική γραμματεία : διπλωματική εργασία
Αποθηκεύτηκε σε:
| Κύριος συγγραφέας: | |
|---|---|
| Συγγραφή απο Οργανισμό/Αρχή: | |
| Μορφή: | Thesis Βιβλίο |
| Γλώσσα: | Greek |
| Δημοσίευση: |
2016.
|
| Θέματα: | |
| Διαθέσιμο Online: | http://hdl.handle.net/11610/20712 |
| Ετικέτες: |
Προσθήκη ετικέτας
Δεν υπάρχουν, Καταχωρήστε ετικέτα πρώτοι!
|
MARC
| LEADER | 00000cam a2200000 a 4500 | ||
|---|---|---|---|
| 001 | 1/118445 | ||
| 008 | 190417s2016####gr | ||| |||| ||gre|| | ||
| 040 | |a GR-MyUa |b gre |c GR-MyUa |e AACR2 | ||
| 041 | 0 | |a gre | |
| 082 | 7 | |a 180 |2 (23) | |
| 100 | 1 | |a Μαμάκος, Γιάννης. | |
| 245 | 1 | 0 | |a Ανάγκη και Τύχη, συμπλήρωση και αντίθεση στην αρχαία ελληνική γραμματεία : |b διπλωματική εργασία / |c Μαμάκος Γιάννης ; επιβλέπων καθηγητής: Βασίλης Αναστασιάδης. |
| 260 | |c 2016. | ||
| 300 | |a [χ. αρ.] ; |c 29 εκ. | ||
| 502 | |a Διατριβή (μεταπτυχιακή) - Πανεπιστήμιο Αιγαίου, Λέσβος, 2016. | ||
| 504 | |a Περιλαμβάνει βιβλιογραφία. | ||
| 506 | 0 | |a Ηλεκτρονική διάθεση στο πλήρες κείμενο - ελεύθερης πρόσβασης. | |
| 650 | 0 | |a Philosophy, Ancient. | |
| 650 | 0 | |a Philosophers, Ancient. | |
| 650 | 0 | |a Ananke (The Greek word) | |
| 650 | 0 | |a Tyche (The Greek word) | |
| 650 | 0 | |a Greek literature |x History and criticism. | |
| 700 | 1 | |a Αναστασιάδης, Βασίλης Ι. |e dgs | |
| 710 | 2 | |a Πανεπιστήμιο Αιγαίου |b Σχολή Κοινωνικών Επιστημών |b Τμήμα Κοινωνικής Ανθρωπολογίας και Ιστορίας |b Πρόγραμμα Μεταπτυχιακών Σπουδών Κρίση και Ιστορική Αλλαγή. | |
| 852 | |a INST |b LESVOS |c DIATR |e 20190417 |h 5 |p 005100032468 |q 005100032468 |t MTXE |y 23 | ||
| 856 | |u http://hdl.handle.net/11610/20712 | ||
| 924 | |a Μαμάκος |b Γιάννης |y Λέσβος |z 2016-12 | ||
| 970 | |a Πατσή |b Ανθίππη |z 17-04-2019 | ||